Lego Star Wars the Complete Saga: Playable Vehicles - Statistics

General Stats
  • This quiz has been taken 93 times
  • The average score is 13 of 21
Answer Stats
Answer % Correct
TIE Bomber
86%
TIE Darth Vader
86%
TIE Fighter
86%
TIE Interceptor
86%
X-Wing
86%
Millenium Falcon
79%
Y-Wing
79%
Anakin's Pod Racer
74%
Sebulba's Pod Racer
74%
Jedi Starfighter (Red)
70%
Jedi Starfighter (Yellow)
70%
Naboo Starfighter
60%
Republic Gunship
58%
Slave 1
54%
Snowspeeder
53%
Vulture Droid
49%
Droid Trifighter
39%
Anakin's Speeder
37%
Imperial Shuttle
37%
Clone Arcfighter
21%
Zam's Airspeeder
21%
No matching quizzes found
Score Distribution
Percent of People with Each Score
Percentile by Number Answered
Your Score History
You have not taken this quiz